00862nam a2200217 a 450000100100000000500170001000800410002702000150006804000250008308200160010810000470012424501840017126000270035530000280038249000210041050400320043150000730046370000220053671000650055883000210062300004103720201002034553.0130920s1995 sp r 000 0 spa d a8400074580 aDO-SdBNPbspacBNPHU axxxxbG643o1 aGonzález-Ripoll Navarro, María Dolores10aA las órdenes de las estrellas :bla vida del marino Cosme de Churraca y sus expediciones a América /cMa. Dolores González-Ripoli Navarro ; preámbulo Francisco de Solano. aMadrid :bCSIC,c1995. a187 p. :bil. ;c24 cm.1 aMonografíasv8 aBibliografía : p. 185-187 aIncluye referencias bibliográficas y notas al pie de las páginas1 aSolano, Francisco2 aConsejo Superior de Investigaciones Científicas (España) 0aMonografíasn8